Associez la Langue à sa Famille - Clic Quiz - Statistiques

Statistiques générales
  • Ce quiz a été pris 4 100 fois
  • Le résultat moyen est 18 sur 32
Statistiques - réponses
Hint Réponse % Correct
Allemand Germanique
80%
Italien Romane
79%
Latin Romane
79%
Espagnol Romane
77%
Français Romane
76%
Portugais Romane
76%
Néerlandais Germanique
72%
Russe Slave
72%
Hindi Indo-aryenne
71%
Ukrainien Slave
70%
Serbo-croate Slave
68%
Mandarin Sino-Tibétain
67%
Cantonais Sino-Tibétain
64%
Wu Sino-Tibétain
64%
Anglais Germanique
61%
Roumain Romane
59%
Suédois Germanique
56%
Pendjabi Indo-aryenne
56%
Arabe Afroasiatique
55%
Bengali Indo-aryenne
55%
Tchèque Slave
55%
Haoussa Afroasiatique
53%
Polonais Slave
51%
Javanais Austronésienne
39%
Amharique Afroasiatique
37%
Afrikaans Germanique
35%
Ourdou Indo-aryenne
35%
Malais Austronésienne
34%
Birman Sino-Tibétain
32%
Tagalog Austronésienne
30%
Hébreu Afroasiatique
29%
Malgache Austronésienne
19%
Aucun quiz correspondant
Distribution des résultats
% des personnes avec chaque résultat
Percentile par nombre de réponses
Votre historique - résultats
Vous n’avez pas pris ce quiz